| 000 | 01405nmm a2200505 a 4500 | ||
|---|---|---|---|
| 003 | AR-BaBNM | ||
| 005 | 20251128211752.0 | ||
| 008 | 306020s2003 ||||||||||||||000 | spa|| | ||
| 020 | _a84-205-3554-0 | ||
| 040 | _cAR-BaBNM | ||
| 245 | 1 | 0 | _aSociología de la educación |
| 260 |
_aMadrid _bPearson-Prentice Hall _c2003 |
||
| 300 | 0 | _a443 p. | |
| 504 | _aContiene referencias bibliográficas | ||
| 650 | 4 | _aSOCIOLOGIA DE LA EDUCACION | |
| 650 | 4 | _aESTRUCTURALISMO | |
| 650 | 4 | _aMARXISMO | |
| 650 | 4 | _aSOCIALIZACION | |
| 650 | 4 | _aROL DEL DOCENTE | |
| 650 | 4 | _aCURRICULO | |
| 651 | 4 | _aEspaña | |
| 653 | 0 | _aINSTITUCIONES EDUCATIVAS | |
| 653 | 0 | _aSUJETO EDUCATIVO | |
| 653 | _aSISTEMA EDUCATIVO | ||
| 653 | 0 | _aCOMUNIDAD EDUCATIVA | |
| 700 | 1 |
_aFernández Palomares, Francisco _ecoordinador |
|
| 700 | 1 | _aCasal, Joaquín | |
| 700 | 1 | _aFeito Alonso, Rafael | |
| 700 | 1 | _aFlecha, Ramón | |
| 700 | 1 | _aGarcía, Carme | |
| 700 | 1 | _aGarcía Gràcia, Maribel | |
| 700 | 1 | _aGranados Martínez, Antolín | |
| 700 | 1 | _aGuerrero Serón, Antonio | |
| 700 | 1 | _aMasjuan i Codina, Josep Maria | |
| 700 | 1 | _aMerino, Rafael | |
| 700 | 1 | _aOliver, Esther | |
| 700 | 1 | _aPlanas, Jordi | |
| 700 | 1 | _aPuigvert, Lidia | |
| 700 | 1 | _aRotger, Josep M. | |
| 700 | 1 | _aSala, Guillem | |
| 700 | 1 | _aSerradell, Olga | |
| 700 | 1 | _aTroiano, Helena | |
| 942 | _cBK | ||
| 998 | _cme-solo cat | ||
| 999 |
_c21030 _d21030 |
||